All Ground type Pokémon - Statistics

General Stats
  • This quiz has been taken 157 times
    125 since last reset
  • The average score is 69 of 80
Answer Stats
Type Generation Pokémon % Correct
Rock-Ground 1 Geodude
100%
Rock-Ground 1 Golem
100%
Rock-Ground 1 Graveler
100%
Rock-Ground 1 Onix
100%
Ground-Steel 7 Alolan Diglett
99%
Ground-Steel 7 Alolan Dugtrio
99%
1 Diglett
99%
1 Dugtrio
99%
Dragon-Ground 4 Garchomp
99%
Dragon-Ground 4 Gible
99%
Poison-Ground 1 Nidoking
99%
Poison-Ground 1 Nidoqueen
99%
Ice-Ground 2 Piloswine
99%
1 Sandshrew
99%
1 Sandslash
99%
Steel-Ground 2 Steelix
99%
Ice-Ground 2 Swinub
99%
Ground-Dragon 3 Vibrava
99%
Ground-Dragon 3 Flygon
97%
Dragon-Ground 4 Gabite
97%
Ice-Ground 4 Mamoswine
97%
Water-Ground 3 Marshtomp
97%
Water-Ground 2 Quagsire
97%
Water-Ground 3 Swampert
97%
Fire-Ground 3 Camerupt
96%
Fire-Ground 3 Numel
96%
3 Trapinch
96%
Ground-Flying 2 Gligar
94%
Poison-Ground 9 Paldean Wooper
94%
Ground-Rock 1 Rhydon
94%
Ground-Rock 1 Rhyhorn
94%
Water-Ground 2 Wooper
94%
Ground-Steel 5 Excadrill
93%
Ground-Steel 8 Galarian Stunfisk
93%
Ground-Flying 4 Gliscor
93%
Ground-Electric 5 Stunfisk
93%
Ground-Ghost 5 Golurk
92%
3 Groudon
92%
Ground-Dark 5 Krokorok
90%
Ground-Dark 5 Krookodile
90%
Ghost-Ground 7 Palossand
90%
Ground-Rock 4 Rhyperior
90%
Ground-Dark 5 Sandile
90%
Ground-Psychic 3 Claydol
89%
Ground-Ghost 5 Golett
89%
Bug-Ground 3 Nincada
89%
Grass-Ground 4 Torterra
89%
Ground-Psychic 3 Baltoy
88%
1 Cubone
88%
Ground-Flying 5 Landorus
88%
1 Marowak
88%
Ghost-Ground 7 Sandygast
88%
Water-Ground 3 Whiscash
86%
Dragon-Ground 6 Zygarde
86%
Water-Ground 3 Barboach
85%
5 Drilbur
85%
Water-Ground 5 Seismitoad
85%
Water-Ground 5 Palpitoad
83%
Poison-Ground 9 Clodsire
82%
4 Hippowdon
81%
4 Hippopotas
79%
Water-Ground 4 Gastrodon
78%
Rock-Ground 2 Larvitar
76%
Rock-Ground 2 Pupitar
76%
2 Donphan
75%
7 Mudbray
75%
7 Mudsdale
75%
2 Phanpy
75%
Electric-Ground 9 Sandy Shocks
72%
Ground-Fighting 9 Great Tusk
68%
Ground-Steel 9 IronTreads
68%
Normal-Ground 6 Diggersby
64%
Ground-Grass 9 Toedscool
64%
Ground-Grass 9 Toedscruel
64%
Normal-Ground 8 Ursaluna
63%
Dark-Ground 9 Ting-Lu
58%
8 Sandaconda
57%
Ground-Ghost 8 Galarian Yamask
54%
Ground-Ghost 8 Runerigus
54%
8 Silicobra
54%
No matching quizzes found
Score Distribution
Percent of People with Each Score
Percentile by Number Answered
Your Score History
You have not taken this quiz since the last reset